000 00897nam a2200301Ia 4500
001 14251
003 IT-RoPAU
008 130308s9999 xx 000 0 und d
040 _aIT-RoPAU
040 _cIT-RoPAU
041 _aITALIANO
100 _aSturtevant William
100 _gCodice Aut. SPICS: 940
245 _aCampi dell'antropologia (I)
245 _bScienza dell'uomo (La)-I Problemi dell'antropologia Culturale
250 _a1a ed.
260 _aSASSARI
260 _bDessi'
260 _c1972 [1° Ed.:1972 - Ed.Ling.Originale:1958]
300 _a"14 p. (prefazione: no ; testo: 14)"
500 _aThe Fields Of Anthropology Antropologia Fisica Antropologia Culturale Etnologia Linguistica Teoria Culturale Antropologia Applicata
650 _aANTROPOLOGIA
650 _eCodice materia Spics: 3501
942 _cBK
957 _71
999 _c41718
_d41718
999 _bSI
999 _g1